<?xml version="1.0" encoding="UTF-8"?>
<record
    xmlns:xsi="http://www.w3.org/2001/XMLSchema-instance"
    xsi:schemaLocation="http://www.loc.gov/MARC21/slim http://www.loc.gov/standards/marcxml/schema/MARC21slim.xsd"
    xmlns="http://www.loc.gov/MARC21/slim">

  <leader>01031cam a22002775a 4500</leader>
  <controlfield tag="001">17856645</controlfield>
  <controlfield tag="003">EG-ScBUE</controlfield>
  <controlfield tag="005">20221211102155.0</controlfield>
  <controlfield tag="008">130819t2014    enka   f b    001 0 eng d</controlfield>
  <datafield tag="020" ind1=" " ind2=" ">
    <subfield code="a">9780500342954</subfield>
  </datafield>
  <datafield tag="040" ind1=" " ind2=" ">
    <subfield code="a">DLC</subfield>
    <subfield code="b">eng</subfield>
    <subfield code="e">rda</subfield>
    <subfield code="c">DLC</subfield>
    <subfield code="d">EG-ScBUE</subfield>
    <subfield code="d">EG-ScBUE</subfield>
  </datafield>
  <datafield tag="082" ind1="0" ind2="4">
    <subfield code="a">724.6</subfield>
    <subfield code="b">RAD</subfield>
    <subfield code="2">22</subfield>
  </datafield>
  <datafield tag="100" ind1="1" ind2=" ">
    <subfield code="a">Radford, Antony,</subfield>
    <subfield code="e">author.</subfield>
    <subfield code="9">37514</subfield>
  </datafield>
  <datafield tag="245" ind1="1" ind2="4">
    <subfield code="a">The elements of modern architecture :</subfield>
    <subfield code="b">understanding contemporary buildings /</subfield>
    <subfield code="c">Antony Radford, Selen Morko&#xE7; and Amit Srivastava.</subfield>
  </datafield>
  <datafield tag="264" ind1=" " ind2="1">
    <subfield code="a">London :</subfield>
    <subfield code="b">Thames &amp; Hudson Ltd.,</subfield>
    <subfield code="c">[2014]</subfield>
  </datafield>
  <datafield tag="264" ind1=" " ind2="4">
    <subfield code="c">c2014</subfield>
  </datafield>
  <datafield tag="300" ind1=" " ind2=" ">
    <subfield code="a">344 pages :</subfield>
    <subfield code="b">illustrations ;</subfield>
    <subfield code="c">23 cm</subfield>
  </datafield>
  <datafield tag="504" ind1=" " ind2=" ">
    <subfield code="a">Includes bibliographical references and index.
</subfield>
  </datafield>
  <datafield tag="650" ind1=" " ind2="7">
    <subfield code="a">Architecture, Modern</subfield>
    <subfield code="y">20th century.</subfield>
    <subfield code="2">BUEsh</subfield>
    <subfield code="9">5929</subfield>
  </datafield>
  <datafield tag="651" ind1=" " ind2=" ">
    <subfield code="2">BUEsh</subfield>
  </datafield>
  <datafield tag="653" ind1=" " ind2=" ">
    <subfield code="b">ENGARC</subfield>
    <subfield code="c">March2015</subfield>
    <subfield code="c">April2015</subfield>
    <subfield code="c">January2017</subfield>
  </datafield>
  <datafield tag="655" ind1=" " ind2=" ">
    <subfield code="v">Reading book</subfield>
    <subfield code="9">34232</subfield>
  </datafield>
  <datafield tag="700" ind1="1" ind2=" ">
    <subfield code="a">Morko&#xE7;, Selen B.,</subfield>
    <subfield code="q">(Selen Bahriye)</subfield>
    <subfield code="e">author.</subfield>
    <subfield code="9">37519</subfield>
  </datafield>
  <datafield tag="700" ind1="1" ind2=" ">
    <subfield code="a">Srivastava, Amit</subfield>
    <subfield code="c">(Architect)</subfield>
    <subfield code="e">author.</subfield>
    <subfield code="9">37520</subfield>
  </datafield>
  <datafield tag="942" ind1=" " ind2=" ">
    <subfield code="2">ddc</subfield>
    <subfield code="k">724.6 RAD</subfield>
    <subfield code="c">BB</subfield>
  </datafield>
  <datafield tag="999" ind1=" " ind2=" ">
    <subfield code="c">19130</subfield>
    <subfield code="d">19102</subfield>
  </datafield>
  <datafield tag="952" ind1=" " ind2=" ">
    <subfield code="0">0</subfield>
    <subfield code="1">0</subfield>
    <subfield code="2">ddc</subfield>
    <subfield code="4">0</subfield>
    <subfield code="7">0</subfield>
    <subfield code="8">Alahram</subfield>
    <subfield code="a">MAIN</subfield>
    <subfield code="b">MAIN</subfield>
    <subfield code="c">0TH</subfield>
    <subfield code="d">2015-03-29</subfield>
    <subfield code="e">Purchase</subfield>
    <subfield code="g">344.00</subfield>
    <subfield code="h">317</subfield>
    <subfield code="l">0</subfield>
    <subfield code="o">724.6 RAD</subfield>
    <subfield code="p">000037856</subfield>
    <subfield code="r">2025-07-15 00:00:00</subfield>
    <subfield code="v">430.00</subfield>
    <subfield code="w">2015-03-29</subfield>
    <subfield code="y">REFERENCE</subfield>
  </datafield>
  <datafield tag="952" ind1=" " ind2=" ">
    <subfield code="0">0</subfield>
    <subfield code="1">0</subfield>
    <subfield code="2">ddc</subfield>
    <subfield code="4">0</subfield>
    <subfield code="7">0</subfield>
    <subfield code="8">&#x627;&#x64A;&#x645;&#x643;</subfield>
    <subfield code="a">MAIN</subfield>
    <subfield code="b">MAIN</subfield>
    <subfield code="c">0TH</subfield>
    <subfield code="d">2015-04-28</subfield>
    <subfield code="e">Purchase</subfield>
    <subfield code="g">460.00</subfield>
    <subfield code="h">2447</subfield>
    <subfield code="l">0</subfield>
    <subfield code="o">724.6 RAD</subfield>
    <subfield code="p">000038082</subfield>
    <subfield code="r">2025-07-15 00:00:00</subfield>
    <subfield code="v">575.00</subfield>
    <subfield code="w">2015-04-28</subfield>
    <subfield code="y">REFERENCE</subfield>
  </datafield>
  <datafield tag="952" ind1=" " ind2=" ">
    <subfield code="0">0</subfield>
    <subfield code="1">0</subfield>
    <subfield code="2">ddc</subfield>
    <subfield code="4">0</subfield>
    <subfield code="7">0</subfield>
    <subfield code="8">Baccah</subfield>
    <subfield code="a">MAIN</subfield>
    <subfield code="b">MAIN</subfield>
    <subfield code="c">0TH</subfield>
    <subfield code="d">2017-01-04</subfield>
    <subfield code="e">Purchase</subfield>
    <subfield code="g">329.00</subfield>
    <subfield code="h">3683</subfield>
    <subfield code="l">0</subfield>
    <subfield code="o">724.6 RAD</subfield>
    <subfield code="p">000040745</subfield>
    <subfield code="r">2025-07-15 00:00:00</subfield>
    <subfield code="v">411.25</subfield>
    <subfield code="y">REFERENCE</subfield>
  </datafield>
</record>
